000 00449nam a2200169Ia 4500
008 230524s9999 xx 000 0 und d
082 _a658.135
_bETZ
100 _aMichael J.Etzel
245 0 _aMarketing : Concepts & Cases
250 _a13TH
260 _aNEW DELHI
_bMGH
_c2006
300 _aXVIII;676
500 _aQuantity Number: 45
650 _aManagement
700 _a" Bruce J.Walker ,William J.Stanton ,Ajay Pandit,,"
942 _cBK
999 _c37942
_d37942